000 00646nam a22002177a 4500
003 UA-OsUOA
001 118000
007 ta
008 20160704b un ||||| |||| 00| 0 ukr d
100 _aРоманюта Е.
090 _a330(477)
_bР69
942 _cSA
040 _aUA-OsUOA
_bukr
_cUA-OsUOA
_dUA-OsUOA
245 _aПодаткові ефекти від євроінтеграційного розвитку економіки України
300 _aС.30-34
955 _a0
041 _aukr
080 _a330(477)
773 0 _w117995
_tЕкономіст
_dК.
_d2016
_g5
650 7 _a330 Економіка взагалі
_2UDC
999 _c404045
_d404045